L'époque contemporaine. (Record no. 176278)

MARC details
000 -LEADER
campo de control de longitud fija 01128nam a2200313 i 4500
001 - NÚMERO DE CONTROL
campo de control 176278
003 - IDENTIFICADOR DE NÚMERO DE CONTROL
campo de control ES-MaACL
005 - FECHA Y HORA DE LA ÚLTIMA TRANSACCIÓN
campo de control 20251128120438.0
007 - CAMPO FIJO DE DESCRIPCIÓN FÍSICA--INFORMACIÓN GENERAL
campo de control de longitud fija t|
008 - DATOS DE LONGITUD FIJA--INFORMACIÓN GENERAL
campo de control de longitud fija 110104s1947 fr ||||1| fre d
080 ## - NÚMERO DE LA CLASIFICACIÓN DECIMAL UNIVERSAL
Número de la Clasificación Decimal Universal 94(4)"1914/1918"
080 ## - NÚMERO DE LA CLASIFICACIÓN DECIMAL UNIVERSAL
Número de la Clasificación Decimal Universal 94(4)"1871/1918"
100 1# - ENTRADA PRINCIPAL--NOMBRE DE PERSONA
Nombre de persona Renouvin, Pierre.
9 (RLIN) 96236
245 12 - MENCIÓN DEL TÍTULO
Título L'époque contemporaine.
Número de parte o sección de la obra II,
Nombre de parte o sección de la obra La paix armée et la Grande guerre (1871-1919) /
Mención de responsabilidad, etc. par Pierre Renouvin, Edmond Préclin, Georges Hardy.
250 ## - MENCION DE EDICION
Mención de edición 2e éd.
260 ## - PUBLICACIÓN, DISTRIBUCIÓN, ETC.
Lugar de publicación, distribución, etc. Paris :
Nombre del editor, distribuidor, etc. Presses Universitaires de France,
Fecha de publicación, distribución, etc. 1947.
300 ## - DESCRIPCIÓN FÍSICA
Extensión XXVIII, 706 p. ;
Dimensiones 19 cm.
490 1# - MENCIÓN DE SERIE
Mención de serie Clio, introducion aux études historiques ;
Designación de volumen o secuencia 9
500 ## - NOTA GENERAL
Nota general Índice.
504 ## - NOTA DE BIBLIOGRAFÍA, ETC.
Nota de bibliografía, etc. Bibliografía: p. 651-672.
650 #4 - PUNTO DE ACCESO ADICIONAL DE MATERIA--TÉRMINO DE MATERIA
Término de materia o nombre geográfico como elemento de entrada Guerra mundial, 1914-1918.
9 (RLIN) 13212
650 #7 - PUNTO DE ACCESO ADICIONAL DE MATERIA--TÉRMINO DE MATERIA
Término de materia o nombre geográfico como elemento de entrada Historia contemporánea
Fuente del encabezamiento o término embne
9 (RLIN) 13393
651 #4 - PUNTO DE ACCESO ADICIONAL DE MATERIA--NOMBRE GEOGRÁFICO
Nombre geográfico Europa-
Subdivisión general Historia-
Subdivisión cronológica 1871-1918.
9 (RLIN) 8607
700 1# - ENTRADA AGREGADA--NOMBRE PERSONAL
Nombre de persona Préclin, Edmond.
9 (RLIN) 144553
700 1# - ENTRADA AGREGADA--NOMBRE PERSONAL
Nombre de persona Hardy, Georges,
Fechas asociadas al nombre 1884-1972
9 (RLIN) 61829
830 10 - PUNTO DE ACCESO ADICIONAL DE SERIE-TÍTULO UNIFORME
Título uniforme Clio, introducion aux études historiques
Designación de volumen o secuencia 9
9 (RLIN) 190003
852 ## - LOCALIZACIÓN
Ubicación ES-MaACL
Número de control de estantería E-13925
Encuadernación Olim P-671
Holdings
Estatus retirado Estado de pérdida Estado de daño No para préstamo Biblioteca de origen Biblioteca actual Ubicación en estantería Fecha de adquisición Fuente de adquisición Total de préstamos Signatura topográfica completa Código de barras Visto por última vez Precio de reemplazo Tipo de ítem Koha
        Biblioteca del Ateneo de Madrid Biblioteca del Ateneo de Madrid Depósito 2 04/01/2011     E-13925 1185131 23/02/2023 23/02/2023 Libro impreso